000 00500nam a2200157 i 4500
001 84357
003 ES-MaACL
005 20230906175012.0
007 t|
008 041122s1962 sp ||||1| spa d
100 1 _aJiménez-Tiscar, Francisco Fermín.
_966619
245 1 0 _aNuestra Señora de Tiscar
_b: historia, leyendas y crónicas /
_cFrancisco Fermín Jiménez-Tiscar.
260 _aJaén :
_b[s.n.,
_c1962]
300 _a231 p., lám. :
_bil. ;
_c24 cm.
852 _aES-MaACL
_jC-25304
_bR.51715
999 _c84357
_d84357